<A> kettös indexelésü lakáshitelezés kérdései.
Doterajší systém platieb za byty a jeho protirečenia spojené so zavádzaním trhu na byty. Rušenie sociálnych subvencií a podpôr podnikov v bytovej politike. Spôsoby podpory splátok obyvateľov na cenu bytov a podstata dvojitého úverovania pôžičiek na byty. Poskytnutie úveru z hľadiska dlžníka a požiči...
Saved in:
| Main Author: | |
|---|---|
| Format: | Book Chapter |
| Language: | Hungarian |
| Subjects: | |
| Tags: |
No Tags, Be the first to tag this record!
|
MARC
| LEADER | 00000naa a2200000 4500 | ||
|---|---|---|---|
| 001 | r005577 | ||
| 005 | 20221125114021.2 | ||
| 041 | 0 | |a hun | |
| 044 | |a HU | ||
| 245 | 1 | 0 | |a <A> kettös indexelésü lakáshitelezés kérdései. |c J. Keller |
| 520 | |a Doterajší systém platieb za byty a jeho protirečenia spojené so zavádzaním trhu na byty. Rušenie sociálnych subvencií a podpôr podnikov v bytovej politike. Spôsoby podpory splátok obyvateľov na cenu bytov a podstata dvojitého úverovania pôžičiek na byty. Poskytnutie úveru z hľadiska dlžníka a požičiavajúcej banky. | ||
| 610 | 2 | 0 | |a byty |
| 610 | 2 | 0 | |a MR |
| 610 | 2 | 0 | |a pôžičky |
| 610 | 2 | 0 | |a subvencie |
| 100 | 1 | |a Keller, J. | |